| 000 | 00317 a2200121 4500 | ||
|---|---|---|---|
| 082 | _a297.1225 | ||
| 100 |
_aPicktmall,Marmaduke. _9120283 |
||
| 245 |
_aHoly Quran _cMarmaduke Picktmall |
||
| 260 |
_aRawalpindi _bTAJ Company LTD. _c2002 |
||
| 300 | _a637p | ||
| 500 | _aHard cover | ||
| 942 |
_aNBS _cBK _k297.1225 PIC _2ddc |
||
| 999 |
_c347219 _d347219 |
||